Chân dung các nhà văn thế giới Dùng trong nhà trường T.5

Đã lưu trong:
Sonraí Bibleagrafaíochta
Príomhúdar: Lưu, Đức Trung
Formáid: Leabhar
Teanga:Undetermined
Foilsithe: H. Giáo dục 2002
Ábhair:
Rochtain Ar Líne:http://lrc.tdmu.edu.vn/opac/search/detail.asp?aID=2&ID=7109
Clibeanna: Cuir Clib Leis
Gan Chlibeanna, Bí ar an gcéad duine leis an taifead seo a chlibeáil!
Thư viện lưu trữ: Trung tâm Học liệu Trường Đại học Thủ Dầu Một
LEADER 00655nam a2200217Ia 4500
001 TDMU_7109
008 210410s9999 xx 000 0 und d
082 |a 895.922 092 
090 |b L566 
100 |a Lưu, Đức Trung 
245 0 |a Chân dung các nhà văn thế giới 
245 0 |b Dùng trong nhà trường 
245 0 |c Lưu Đức Trung 
245 0 |n T.5 
260 |a H. 
260 |b Giáo dục 
260 |c 2002 
300 |a 141tr 
650 |a Tác giả; Nhà văn 
856 |u http://lrc.tdmu.edu.vn/opac/search/detail.asp?aID=2&ID=7109 
980 |a Trung tâm Học liệu Trường Đại học Thủ Dầu Một